[Event "ARG-ch U20"]
[Site "Buenos Aires"]
[Date "2023.02.18"]
[Round "3"]
[White "Bazan, Octavio Aaron"]
[Black "Muruchi Machaca, Adrian Hernan"]
[Result "1/2-1/2"]
[WhiteElo "1630"]
[BlackElo "1812"]
[PlyCount "25"]
[EventDate "2023.02.17"]
[EventType "swiss"]
[EventRounds "9"]
[EventCountry "ARG"]
[SourceTitle "EXT 2024"]
[Source "ChessBase"]
[SourceDate "2023.10.10"]
[SourceVersion "1"]
[SourceVersionDate "2023.10.10"]
[SourceQuality "1"]

1. e4 c5 2. c3 e6 3. d4 d5 4. e5 Qb6 5. Nf3 Bd7 6. Be2 Nc6 7. 0-0 cxd4 8. cxd4 Nge7 9. Nc3 Nf5 10. Na4 Qc7 11. Be3 Be7 12. Rc1 0-0 13. Nc5 1/2-1/2

[Event "Chubut-ch"]
[Site "Puerto Madryn"]
[Date "2019.11.18"]
[Round "6.7"]
[White "Ipuche, Andres"]
[Black "Muruchi Machaca, Adrian Hernan"]
[Result "1-0"]
[WhiteElo "1674"]
[BlackElo "1384"]
[PlyCount "101"]
[EventDate "2019.11.15"]
[EventType "swiss"]
[EventRounds "7"]
[EventCountry "ARG"]
[SourceTitle "EXT 2024"]
[Source "ChessBase"]
[SourceDate "2023.10.10"]
[SourceVersion "1"]
[SourceVersionDate "2023.10.10"]
[SourceQuality "1"]

1. Nf3 Nc6 2. d4 d5 3. b3 e6 4. a3 Bd6 5. Bb2 Nce7 6. e3 c6 7. Bd3 f5 8. c4 Nf6 9. 0-0 0-0 10. Nbd2 Qe8 11. Ne5 Ng6 12. f3 Nd7 13. f4 Ndxe5 14. dxe5 Bc5 15. Qe2 Qe7 16. b4 Bb6 17. c5 Bd8 18. Rf3 Bd7 19. Rh3 Be8 20. Kh1 Nh8 21. g4 Bg6 22. Rg1 Nf7 23. gxf5 exf5 24. Qg2 Nh6 25. Be2 Ng4 26. Bd4 Qe6 27. Nf3 h6 28. Nh4 h5 29. Nxg6 Qxg6 30. Rf3 Qh7 31. h3 Nh6 32. Rg3 Ng4 33. hxg4 hxg4+ 34. Qh2 Qxh2+ 35. Kxh2 Kf7 36. Rh1 Rh8+ 37. Kg1 Rxh1+ 38. Kxh1 Bh4 39. Rg2 Be1 40. Bd3 g6 41. Rh2 Ke6 42. Rh6 Rg8 43. Kg2 Bd2 44. Kf2 Rg7 45. Bb2 g3+ 46. Kxg3 Bxe3 47. Kf3 d4 48. Bc4+ Kd7 49. a4 a6 50. Rh4 Ke7 51. Rh8 1-0

[Event "Chubut-ch"]
[Site "Puerto Madryn"]
[Date "2019.11.16"]
[Round "2.7"]
[White "Samaniego, Enzo"]
[Black "Muruchi Machaca, Adrian Hernan"]
[Result "1-0"]
[WhiteElo "1607"]
[BlackElo "1384"]
[PlyCount "85"]
[EventDate "2019.11.15"]
[EventType "swiss"]
[EventRounds "7"]
[EventCountry "ARG"]
[SourceTitle "EXT 2024"]
[Source "ChessBase"]
[SourceDate "2023.10.10"]
[SourceVersion "1"]
[SourceVersionDate "2023.10.10"]
[SourceQuality "1"]

1. d4 e6 2. c4 f5 3. Nf3 Nf6 4. g3 c6 5. Bg2 d5 6. b3 Bd6 7. 0-0 Qe7 8. Bb2 Ne4 9. Qc1 Nd7 10. Ba3 Bxa3 11. Nxa3 Qd6 12. c5 Qc7 13. Nc2 b6 14. b4 0-0 15. Kh1 bxc5 16. bxc5 a5 17. Nce1 Ba6 18. Nd3 Bc4 19. Nd2 Nxd2 20. Qxd2 Nf6 21. Ne5 Ba6 22. Rfb1 Rfb8 23. e3 Ne4 24. Bxe4 fxe4 25. a4 Rxb1+ 26. Rxb1 Rb8 27. Rxb8+ Qxb8 28. h4 Qb4 29. Qd1 Qb7 30. Kg2 g6 31. Qg4 Qc8 32. h5 Qe8 33. hxg6 hxg6 34. Nxg6 Kf7 35. Ne5+ Kf8 36. Qf4+ Kg8 37. Qg5+ Kf8 38. Qf6+ Kg8 39. Ng6 Bc8 40. Ne7+ Kh7 41. g4 Ba6 42. g5 Qh5 43. g6+ 1-0

[Event "Trelew op"]
[Site "Trelew"]
[Date "2019.08.16"]
[Round "1"]
[White "Muruchi Machaca, Adrian Hernan"]
[Black "Aguilar, Andres"]
[Result "0-1"]
[WhiteElo "1396"]
[BlackElo "2322"]
[PlyCount "62"]
[EventDate "2019.08.16"]
[EventType "swiss"]
[EventRounds "7"]
[EventCountry "ARG"]
[SourceTitle "EXT 2020"]
[Source "ChessBase"]
[SourceDate "2019.10.17"]
[SourceVersion "1"]
[SourceVersionDate "2019.10.17"]
[SourceQuality "1"]

1. d4 Nf6 2. c4 g6 3. Nc3 Bg7 4. e4 d6 5. Bf4 0-0 6. Nf3 Bg4 7. Be2 Nfd7 8. h3 Bxf3 9. Bxf3 Nc6 10. d5 Nd4 11. Bg4 c5 12. Be3 a6 13. Bxd4 cxd4 14. Ne2 Nc5 15. Bf3 Qa5+ 16. Qd2 Nd3+ 17. Kd1 Nxf2+ 18. Kc2 d3+ 19. Kc1 Qxd2+ 20. Kxd2 Nxh1 21. Rxh1 dxe2 22. Kxe2 b5 23. b3 bxc4 24. bxc4 Rab8 25. Kd3 Rb2 26. Ra1 Rfb8 27. Ke3 Bh6+ 28. Kd3 Rd2+ 29. Kc3 Rbb2 30. a4 Bg7+ 31. e5 Bxe5# 0-1